Central Library OPAC University of Rajshahi

Fundamentals of radiobiology / (Record no. 11726)

MARC details
000 -LEADER
fixed length control field 01039cam a22003011 4500
001 - CONTROL NUMBER
control field 11726
003 - CONTROL NUMBER IDENTIFIER
rucl marc code BD-RjUL
005 - DATE AND TIME OF LATEST TRANSACTION
control field 20211208235155.0
008 - FIXED-LENGTH DATA ELEMENTS--GENERAL INFORMATION
fixed length control field 140127r19661961nyua b 001 0 eng d
035 ## - SYSTEM CONTROL NUMBER
System control number (BD-RjUL)11775
040 ## - CATALOGING SOURCE
Original cataloging agency DLC
Transcribing agency DLC
Modifying agency DLC
-- ICU
-- (BD-RjUL)
Language of cataloging eng
041 ## - LANGUAGE CODE
Language code of text/sound track or separate title eng
051 ## - LIBRARY OF CONGRESS COPY, ISSUE, OFFPRINT STATEMENT
Classification number QH652
Item number .B3213 1961a
Copy information Another issue. Oxford, New York, Pergamon Press.
082 00 - DEWEY DECIMAL CLASSIFICATION NUMBER
Classification number 574.19
Author mark and year BAF
100 1# - MAIN ENTRY--PERSONAL NAME
Personal name Bacq, Z. M.
Fuller form of name (Zรฉnon M.)
9 (RLIN) 36284
245 10 - TITLE STATEMENT
Title Fundamentals of radiobiology /
Statement of responsibility, etc. by Z. M. Bacq and Peter Alexander.
250 ## - EDITION STATEMENT
Edition statement Completely rev. 2d ed.
260 ## - PUBLICATION, DISTRIBUTION, ETC. (IMPRINT)
Place of publication, distribution, etc. New York :
Name of publisher, distributor, etc. Pergamon Press,
Date of publication, distribution, etc. 1961. [Reprent 1966]
300 ## - PHYSICAL DESCRIPTION
Pagination 555 p. :
Illustrations illus. ;
Size 24 cm.
504 ## - BIBLIOGRAPHY, ETC. NOTE
Bibliography, etc Includes bibliography and Index
650 #0 - SUBJECT ADDED ENTRY--TOPICAL TERM
Topical term or geographic name as entry element Radiobiology.
9 (RLIN) 36286
700 1# - ADDED ENTRY--PERSONAL NAME
Personal name Alexander, Peter,
Dates associated with a name 1922-
Relator term joint author.
942 ## - ADDED ENTRY ELEMENTS (KOHA)
Source of classification or shelving scheme Dewey Decimal Classification
Koha item type Books
Holdings
Lost status Source of classification or shelving scheme Damaged status Not for loan Collection code Permanent Location Current Location Shelving location Date acquired Source of acquisition Cost, normal purchase price Total Checkouts Full call number Date last seen Copy number Koha item type
  Dewey Decimal Classification   Not For Loan Non-fiction Central Library, University of Rajshahi Central Library, University of Rajshahi Reading Room 11/03/1970 Zeithlinger. 81.00   574.19 BAF 1966 27/01/2014 C-1 Books